[Event "IND-ch U15"]
[Site "Mumbai"]
[Date "2009.11.01"]
[Round "1"]
[White "Fenil, Shah"]
[Black "Vedant, Patil P"]
[Result "1-0"]
[WhiteElo "2209"]
[BlackElo "1658"]
[PlyCount "95"]
[EventDate "2009.11.01"]
[EventType "swiss"]
[EventRounds "11"]
[EventCountry "IND"]
[SourceTitle "EXT 2011"]
[Source "ChessBase"]
[SourceDate "2010.11.26"]
[SourceVersion "1"]
[SourceVersionDate "2010.11.26"]
[SourceQuality "1"]

1. e4 c6 2. d4 d5 3. f3 dxe4 4. fxe4 e6 5. Nf3 Nf6 6. Bd3 c5 7. c3 Nc6 8. e5 Nd5 9. 0-0 Be7 10. a3 Nb6 11. Kh1 0-0 12. Qe2 cxd4 13. Qe4 g6 14. cxd4 f5 15. Qf4 Nd5 16. Qh6 Rf7 17. Nc3 Bf8 18. Qh3 Be7 19. Qg3 a6 20. h4 f4 21. Qg4 Qf8 22. Ne4 Ne3 23. Bxe3 fxe3 24. Nfg5 Bxg5 25. Nxg5 Rxf1+ 26. Rxf1 Qe7 27. Nxh7 Qxh7 28. Bxg6 Qg7 29. Bf7+ Kh8 30. Bg6 Kg8 31. Rf7 Qxf7 32. Bxf7+ Kxf7 33. Qf4+ Ke7 34. Qxe3 Bd7 35. Qg5+ Kf7 36. d5 exd5 37. Qf6+ Kg8 38. e6 Be8 39. h5 Bxh5 40. Qg5+ Kf8 41. Qxh5 Ke7 42. Qf7+ Kd6 43. Qd7+ Kc5 44. e7 Nxe7 45. Qxe7+ Kc4 46. Qxb7 Rh8+ 47. Kg1 Rd8 48. Qc7+ 1-0